[Event "Lorca op 12th"]
[Site "Lorca"]
[Date "2023.12.30"]
[Round "9"]
[White "Fiorito, Fabian"]
[Black "Paasikangas Tella, Johanna"]
[Result "1/2-1/2"]
[WhiteElo "2318"]
[BlackElo "2038"]
[PlyCount "126"]
[EventDate "2023.12.26"]
[EventType "swiss"]
[EventRounds "9"]
[EventCountry "ESP"]
[SourceTitle "CB01_2024"]
[SourceDate "2024.01.03"]
[SourceVersion "1"]
[SourceVersionDate "2024.01.03"]
[SourceQuality "1"]

1. d4 d5 2. Nf3 Nf6 3. c4 e6 4. Nc3 c6 5. e3 Bd6 6. Bd3 Nbd7 7. 0-0 0-0 8. e4 Nxe4 9. Nxe4 dxe4 10. Bxe4 c5 11. Bc2 cxd4 12. Qxd4 Qe7 13. Rd1 Bc7 14. Bg5 f6 15. Bh4 e5 16. Qe4 g5 17. Bg3 f5 18. Qd5+ Kh8 19. c5 f4 20. c6 bxc6 21. Qxc6 Nb6 22. Rac1 Bg4 23. Be4 Rad8 24. Rxd8 Bxd8 25. h3 Bd7 26. Qc3 fxg3 27. fxg3 Qg7 28. g4 Bf6 29. Qa5 Be6 30. b3 Rd8 31. Rc6 Bd5 32. Bxd5 Rxd5 33. Qc3 Kg8 34. Qc2 Qe7 35. Nd2 Rd6 36. Ne4 Rxc6 37. Qxc6 Bg7 38. a4 Qd7 39. Qc2 h6 40. Kh1 Qd5 41. Ng3 Nd7 42. Nf5 Qc5 43. Qd2 Nf8 44. Qd8 Kh7 45. Qe8 Qc7 46. a5 Qd7 47. Nxg7 Qxg7 48. b4 Ng6 49. b5 Qe7 50. Qc6 e4 51. b6 axb6 52. axb6 e3 53. b7 e2 54. b8Q e1Q+ 55. Kh2 Q1e5+ 56. Qxe5 Qxe5+ 57. Kh1 Kg7 58. Qb7+ Kf6 59. Qh7 Qe7 60. Qxh6 Qf7 61. Kg1 Qc7 62. Kh1 Qe7 63. Kg1 Qc7 1/2-1/2

[Event "ARG-ch sf 98th"]
[Site "Buenos Aires"]
[Date "2023.04.29"]
[Round "1"]
[White "Barloa, Enzo"]
[Black "Fiorito, Fabian"]
[Result "0-1"]
[WhiteElo "1896"]
[BlackElo "2335"]
[PlyCount "102"]
[EventDate "2023.04.29"]
[EventType "swiss"]
[EventRounds "9"]
[EventCountry "ARG"]
[SourceTitle "CBM 214 Extra"]
[Source "ChessBase"]
[SourceDate "2023.07.31"]
[SourceVersion "1"]
[SourceVersionDate "2023.07.31"]
[SourceQuality "1"]

1. d4 Nf6 2. c4 d6 3. Nf3 g6 4. Nc3 Bg7 5. e4 0-0 6. Be2 Na6 7. 0-0 e5 8. dxe5 dxe5 9. Bg5 h6 10. Be3 Ng4 11. Qc1 Nxe3 12. Qxe3 c6 13. a3 Qe7 14. b4 Nc7 15. Rfd1 Ne6 16. Rab1 a5 17. Bf1 axb4 18. axb4 Rd8 19. c5 Nd4 20. Ne2 Nxf3+ 21. Qxf3 Be6 22. Ra1 Rxa1 23. Rxa1 b6 24. Qc3 bxc5 25. bxc5 Bf8 26. Ra6 Bd7 27. Qa5 Rb8 28. Ra7 Qd8 29. Qc3 Be6 30. Qxe5 Rb1 31. Qc3 Bxc5 32. Ra1 Bb4 33. Qe5 Bd6 34. Qc3 Rxa1 35. Qxa1 Qh4 36. e5 Bc5 37. Qe1 Qe4 38. Qc3 Bb4 39. Qc1 c5 40. Qxh6 Qxe5 41. Nf4 Bb3 42. Nd3 Qd4 43. Nxb4 cxb4 44. Qc1 Be6 45. Qb1 b3 46. Bd3 b2 47. Bxg6 fxg6 48. Qxg6+ Kf8 49. h3 Bf7 50. Qh6+ Kg8 51. Qg5+ Kh7 0-1

[Event "Vicente Lopez ProAm 100 Years op"]
[Site "Buenos Aires"]
[Date "2022.10.16"]
[Round "7"]
[White "Fiorito, Fabian"]
[Black "Tristan, Leonardo"]
[Result "1/2-1/2"]
[WhiteElo "2347"]
[BlackElo "2546"]
[PlyCount "154"]
[EventDate "2022.10.11"]
[EventType "swiss"]
[EventRounds "9"]
[EventCountry "ARG"]
[SourceTitle "CBM 210 Extra"]
[Source "ChessBase"]
[SourceDate "2022.11.30"]
[SourceVersion "1"]
[SourceVersionDate "2022.11.30"]
[SourceQuality "1"]

1. e4 d5 2. exd5 Qxd5 3. Nc3 Qa5 4. d4 Nf6 5. Nf3 Bf5 6. Bc4 e6 7. Bd2 Bb4 8. h3 Nc6 9. a3 Bxc3 10. Bxc3 Qb6 11. a4 a5 12. 0-0 0-0 13. Bd3 Bxd3 14. Qxd3 Rfd8 15. Rfe1 h6 16. b3 Rd7 17. Bb2 Rad8 18. Qe2 Nd5 19. g3 Nde7 20. Qb5 Qa7 21. c3 Ng6 22. Re4 Rd5 23. Qe2 Qb6 24. c4 R5d7 25. Qc2 Nb4 26. Qc3 f6 27. Rg4 Kh7 28. Ba3 h5 29. Re4 c5 30. Bxb4 axb4 31. Qd3 Kg8 32. Rae1 Nf8 33. Rh4 g6 34. Rf4 e5 35. Rh4 cxd4 36. g4 hxg4 37. hxg4 g5 38. Rh5 Rg7 39. Rh6 Nd7 40. Qf5 Qc6 41. Kg2 Re8 42. Reh1 Kf7 43. Rh7 Reg8 44. Kg1 Ke7 45. Rxg7+ Rxg7 46. Rh8 Nf8 47. Nxe5 Qe6 48. Qxe6+ Nxe6 49. Nd3 Kd6 50. Kg2 Re7 51. Kf3 b6 52. Rh6 Rf7 53. Ke4 Nc5+ 54. Kxd4 Nxb3+ 55. Ke4 Nc5+ 56. Kd4 Nxd3 57. Kxd3 Kc5 58. Rh8 Rd7+ 59. Kc2 Kxc4 60. Rc8+ Kd5 61. Kb3 Re7 62. Rf8 Re6 63. Kxb4 Ke4 64. Kc4 Rd6 65. Kb5 Kf3 66. Rb8 Kxg4 67. Rxb6 Rd5+ 68. Kc4 Rf5 69. Rb2 Kf3 70. Ra2 Ra5 71. Kb4 Ra8 72. a5 f5 73. Kb5 f4 74. a6 g4 75. Kb6 Re8 76. a7 Kg2 77. Kb7 f3 1/2-1/2

[Event "Titled Tuesday intern op 30th Aug Late"]
[Site "Chess.com INT"]
[Date "2022.08.30"]
[Round "2"]
[White "Corallo, Michael Patrick"]
[Black "Fiorito, Fabian"]
[Result "0-1"]
[WhiteElo "2275"]
[BlackElo "2361"]
[PlyCount "58"]
[EventDate "2022.08.30"]
[EventType "swiss (blitz)"]
[EventRounds "11"]
[EventCountry "USA"]
[SourceTitle "EXT 2023"]
[Source "ChessBase"]
[SourceDate "2022.10.05"]
[SourceVersion "1"]
[SourceVersionDate "2022.10.05"]
[SourceQuality "1"]

1. e4 c5 2. Nf3 Nc6 3. Bb5 g6 4. Bxc6 dxc6 5. d3 Bg7 6. h3 Nf6 7. 0-0 0-0 8. Nc3 Qc7 9. Be3 b6 10. Qd2 e5 11. Nh2 Nh5 12. Bh6 f6 13. Ne2 Rd8 14. b3 b5 15. Bxg7 Nxg7 16. Qc3 Ne6 17. Ng4 Kg7 18. f4 h5 19. Nxf6 Kxf6 20. fxe5+ Kg7 21. Rf6 b4 22. Qb2 Bd7 23. Raf1 Rf8 24. d4 cxd4 25. Nxd4 Qb6 26. Rxe6 Bxe6 27. Rxf8 Rxf8 28. Kh2 c5 29. Nf3 Qd8 0-1

[Event "Titled Tuesday intern op 30th Aug Late"]
[Site "Chess.com INT"]
[Date "2022.08.30"]
[Round "11"]
[White "Fiorito, Fabian"]
[Black "Romero Ruscalleda, Josep"]
[Result "1-0"]
[WhiteElo "2361"]
[BlackElo "2193"]
[PlyCount "139"]
[EventDate "2022.08.30"]
[EventType "swiss (blitz)"]
[EventRounds "11"]
[EventCountry "USA"]
[SourceTitle "EXT 2023"]
[Source "ChessBase"]
[SourceDate "2022.10.05"]
[SourceVersion "1"]
[SourceVersionDate "2022.10.05"]
[SourceQuality "1"]

1. Nf3 g6 2. g3 Bg7 3. Bg2 d6 4. 0-0 e5 5. d4 Nc6 6. dxe5 Nxe5 7. Nxe5 dxe5 8. c4 Qxd1 9. Rxd1 Ne7 10. Nc3 c6 11. Bg5 f6 12. Be3 Be6 13. b3 Kf7 14. Rac1 Rhd8 15. Ne4 Nf5 16. Bc5 Bf8 17. Bxf8 Kxf8 18. Nxf6 Nd4 19. Kf1 h5 20. e3 Nf5 21. Ne4 Ke7 22. Nc5 Bc8 23. Rxd8 Kxd8 24. Rd1+ Ke7 25. b4 Rb8 26. a4 b6 27. Nb3 Bd7 28. h4 Nd6 29. Rc1 Be6 30. Nd2 Rc8 31. c5 bxc5 32. Rxc5 Rb8 33. Rxe5 Rxb4 34. Bxc6 Kf6 35. Ra5 Rb2 36. Nf3 a6 37. Nd4 Bc4+ 38. Kg2 Ra2 39. e4 Ke7 40. e5 Nc8 41. Be4 Nb6 42. Rc5 Nxa4 43. Rc7+ Kd8 44. Rxc4 Nb6 45. Rb4 Nd7 46. e6 Ne5 47. Rb8+ Ke7 48. Rb7+ Kf6 49. e7 Kf7 50. Bd5+ Ke8 51. Ne6 Nd7 52. Bc6 Kxe7 53. Bxd7 Kd6 54. Nf4 a5 55. Nxg6 a4 56. Bxa4 Rxa4 57. Nf4 Ke5 58. Nxh5 Ra3 59. Nf4 Kf5 60. h5 Kg5 61. Rb5+ Kh6 62. g4 Ra4 63. g5+ Kg7 64. Rb7+ Kh8 65. Kg3 Ra1 66. g6 Rg1+ 67. Kf3 Rg5 68. Ne6 Rf5+ 69. Kg4 Rxf2 70. Rb8+ 1-0

[Event "Titled Tuesday intern op 30th Aug Late"]
[Site "Chess.com INT"]
[Date "2022.08.30"]
[Round "7"]
[White "Fiorito, Fabian"]
[Black "Tarnowska, Aleksandra"]
[Result "1-0"]
[WhiteElo "2361"]
[BlackElo "1876"]
[PlyCount "57"]
[EventDate "2022.08.30"]
[EventType "swiss (blitz)"]
[EventRounds "11"]
[EventCountry "USA"]
[SourceTitle "EXT 2023"]
[Source "ChessBase"]
[SourceDate "2022.10.05"]
[SourceVersion "1"]
[SourceVersionDate "2022.10.05"]
[SourceQuality "1"]

1. Nf3 d5 2. g3 Nf6 3. Bg2 c5 4. 0-0 Nc6 5. d4 e6 6. dxc5 Bxc5 7. c4 0-0 8. a3 dxc4 9. Qa4 Bd7 10. Qxc4 Bb6 11. Nc3 Rc8 12. Qh4 Nd5 13. Bg5 f6 14. Bd2 Nxc3 15. Bxc3 e5 16. Rad1 Qe7 17. Nxe5 fxe5 18. Qxe7 Nxe7 19. Rxd7 Ng6 20. Bxb7 Rcd8 21. Rxd8 Rxd8 22. e3 Ne7 23. Bxe5 Rd2 24. Bc3 Rd7 25. Be4 g6 26. Kg2 Kf7 27. h4 Rd6 28. h5 Rd8 29. Rh1 1-0

[Event "Titled Tuesday intern op 30th Aug Late"]
[Site "Chess.com INT"]
[Date "2022.08.30"]
[Round "4"]
[White "Novikova, Galina"]
[Black "Fiorito, Fabian"]
[Result "1-0"]
[WhiteElo "2073"]
[BlackElo "2361"]
[PlyCount "147"]
[EventDate "2022.08.30"]
[EventType "swiss (blitz)"]
[EventRounds "11"]
[EventCountry "USA"]
[SourceTitle "EXT 2023"]
[Source "ChessBase"]
[SourceDate "2022.10.05"]
[SourceVersion "1"]
[SourceVersionDate "2022.10.05"]
[SourceQuality "1"]

1. e4 c5 2. Nf3 Nc6 3. d4 cxd4 4. Nxd4 g6 5. Nc3 Bg7 6. Be3 Nf6 7. Nxc6 bxc6 8. e5 Ng8 9. Bd4 Nh6 10. e6 Bxd4 11. Qxd4 0-0 12. exd7 Qxd7 13. Qxd7 Bxd7 14. 0-0-0 Be6 15. Be2 Rfd8 16. Bf3 Rxd1+ 17. Rxd1 Rc8 18. h3 Nf5 19. Bg4 h5 20. Be2 c5 21. a4 Nd4 22. Bd3 Kg7 23. Ne2 Bd5 24. f3 e5 25. Nc3 Bc6 26. Be4 f5 27. Bxc6 Rxc6 28. Nb5 a6 29. Na3 Kf6 30. Nc4 Rc7 31. b3 Re7 32. Ne3 Kf7 33. Kb2 e4 34. fxe4 Rxe4 35. Nc4 Re2 36. Rd2 Re1 37. Na5 g5 38. Nb7 f4 39. Nxc5 Kf6 40. Rxd4 Re2 41. Rd6+ Ke7 42. Rh6 Rxg2 43. Rxh5 Kd6 44. Ne4+ Ke7 45. Nxg5 Kf6 46. Nf3 Rf2 47. Nd4 Ke7 48. Rf5 Kd6 49. Kc3 Rh2 50. Rxf4 Rxh3+ 51. Kb2 Kc5 52. Rg4 Rh2 53. Ne6+ Kc6 54. Nf4 Kc5 55. Nd3+ Kb6 56. b4 Rh5 57. Rg6+ Kb7 58. Kb3 Ka7 59. c3 Kb7 60. Rg7+ Kc6 61. a5 Rh3 62. Rg6+ Kd5 63. Nc5 Rh1 64. Rxa6 Rb1+ 65. Kc2 Rh1 66. Ra8 Kc4 67. Rd8 Rh2+ 68. Rd2 Rh7 69. a6 Kb5 70. Re2 Kc4 71. Re4+ Kb5 72. Kb3 Kb6 73. Re6+ Kb5 74. c4# 1-0

[Event "Titled Tuesday intern op 30th Aug Late"]
[Site "Chess.com INT"]
[Date "2022.08.30"]
[Round "10"]
[White "Prieto Aranguren, Alain"]
[Black "Fiorito, Fabian"]
[Result "0-1"]
[WhiteElo "2247"]
[BlackElo "2361"]
[PlyCount "98"]
[EventDate "2022.08.30"]
[EventType "swiss (blitz)"]
[EventRounds "11"]
[EventCountry "USA"]
[SourceTitle "EXT 2023"]
[Source "ChessBase"]
[SourceDate "2022.10.05"]
[SourceVersion "1"]
[SourceVersionDate "2022.10.05"]
[SourceQuality "1"]

1. d4 Nf6 2. Bg5 d5 3. Nd2 Bf5 4. e3 h6 5. Bh4 e6 6. Bd3 Bd6 7. f4 Nbd7 8. Ngf3 c5 9. Ne5 Qb6 10. Rb1 cxd4 11. exd4 Qxd4 12. Bxf5 exf5 13. Nxd7 Kxd7 14. Nf3 Rhe8+ 15. Kf1 Qc4+ 16. Qd3 Qxd3+ 17. cxd3 Ng4 18. Nd4 Ne3+ 19. Kf2 Bxf4 20. Kf3 Bd6 21. Rhe1 f4 22. g3 Be5 23. Nb3 g5 24. gxf4 Bxf4 25. Bg3 Bxg3 26. hxg3 Nf5 27. Nc5+ Kc6 28. Rxe8 Rxe8 29. Rc1 Nd4+ 30. Kg4 Kb6 31. Nd7+ Kb5 32. Rc7 b6 33. Nf6 Re6 34. Nxd5 f5+ 35. Kh5 a5 36. Rh7 Ne2 37. Rxh6 Nxg3+ 38. Kxg5 Rxh6 39. Kxh6 Kc5 40. Nc3 Kd4 41. Kg5 Kxd3 42. Kf4 Ne2+ 43. Nxe2 Kxe2 44. Kxf5 Kd2 45. Ke5 Kc2 46. b3 Kb2 47. Kd5 Kxa2 48. Kc6 Kxb3 49. Kxb6 a4 0-1

[Event "Titled Tuesday intern op 21st Jun Late"]
[Site "Chess.com INT"]
[Date "2022.06.21"]
[Round "2"]
[White "Fiorito, Fabian"]
[Black "Rosenberg, Evan"]
[Result "1-0"]
[WhiteElo "2370"]
[BlackElo "2016"]
[PlyCount "153"]
[EventDate "2022.06.21"]
[EventType "swiss (blitz)"]
[EventRounds "11"]
[EventCountry "USA"]
[SourceTitle "EXT 2023"]
[Source "ChessBase"]
[SourceDate "2022.10.05"]
[SourceVersion "1"]
[SourceVersionDate "2022.10.05"]
[SourceQuality "1"]

1. d4 Nf6 2. Nc3 d5 3. Bf4 a6 4. e3 Bf5 5. Bd3 Bxd3 6. cxd3 e6 7. Qb3 b6 8. Nf3 Nbd7 9. e4 c6 10. 0-0 b5 11. Rfe1 Be7 12. h3 0-0 13. Rac1 Qb6 14. Nb1 c5 15. e5 Ne8 16. Be3 c4 17. dxc4 bxc4 18. Qc2 Rb8 19. Bg5 f6 20. exf6 Nexf6 21. Nc3 h6 22. Bf4 Rb7 23. Qa4 Ne4 24. Nxe4 dxe4 25. Rxe4 Nf6 26. Ree1 Nd5 27. Bg3 Qxb2 28. Qxa6 Rb6 29. Qxc4 Rxf3 30. gxf3 Nf6 31. Rxe6 Rxe6 32. Qxe6+ Kh7 33. Re1 Bf8 34. d5 Qxa2 35. d6 Qxe6 36. Rxe6 Nd7 37. Kf1 Kg8 38. Re8 Kf7 39. Rd8 Nf6 40. d7 Be7 41. Ra8 Nxd7 42. Ra7 Nf8 43. Bd6 Ng6 44. Bxe7 Nxe7 45. Kg2 Kf6 46. Kg3 Nf5+ 47. Kf4 g5+ 48. Kg4 Nd4 49. Ra6+ Ne6 50. Rxe6+ Kxe6 51. Kh5 Kf5 52. Kxh6 Kf6 53. Kh5 Kf5 54. Kh6 Kf6 55. f4 gxf4 56. f3 Kf5 57. Kh5 Kf6 58. Kg4 Kg6 59. Kxf4 Kh5 60. Kg3 Kg5 61. f4+ Kh5 62. Kf3 Kg6 63. Kg4 Kf6 64. h4 Kg6 65. h5+ Kh6 66. f5 Kh7 67. Kg5 Kg7 68. h6+ Kh7 69. f6 Kh8 70. Kg6 Kg8 71. f7+ Kf8 72. h7 Ke7 73. h8Q Ke6 74. Qe8+ Kd6 75. f8Q+ Kc7 76. Qc5+ Kb7 77. Qec8# 1-0

[Event "Titled Tuesday intern op 21st Jun Late"]
[Site "Chess.com INT"]
[Date "2022.06.21"]
[Round "10"]
[White "Flynn, Jacob"]
[Black "Fiorito, Fabian"]
[Result "0-1"]
[WhiteElo "2196"]
[BlackElo "2370"]
[PlyCount "88"]
[EventDate "2022.06.21"]
[EventType "swiss (blitz)"]
[EventRounds "11"]
[EventCountry "USA"]
[SourceTitle "EXT 2023"]
[Source "ChessBase"]
[SourceDate "2022.10.05"]
[SourceVersion "1"]
[SourceVersionDate "2022.10.05"]
[SourceQuality "1"]

1. d4 Nf6 2. c4 b6 3. Nc3 Bb7 4. Qc2 d5 5. cxd5 Nxd5 6. e4 Nxc3 7. bxc3 e6 8. Bd3 c5 9. Nf3 Nc6 10. Bb2 Be7 11. 0-0 0-0 12. Rfd1 Qc7 13. Rac1 Rac8 14. Qe2 Na5 15. Ne5 f6 16. Nf3 Rfd8 17. h4 Qf4 18. g3 Qg4 19. Qe3 Bf8 20. Nh2 Qh5 21. Be2 Qg6 22. Bd3 Qf7 23. Nf3 Kh8 24. Bf1 Bd6 25. e5 fxe5 26. Ng5 Qe8 27. dxe5 Bb8 28. Bd3 h6 29. Nh3 Qc6 30. f3 Qxf3 31. Qxf3 Bxf3 32. Rd2 c4 33. Rf2 Rxd3 34. Rcf1 Bd5 35. Nf4 Rxg3+ 36. Kh2 Rg4 37. Kh3 Rxf4 38. Rxf4 Bxe5 39. Rf8+ Rxf8 40. Rxf8+ Kh7 41. Re8 Nc6 42. Ba3 b5 43. Bf8 b4 44. cxb4 c3 0-1

[Event "Titled Tuesday intern op 21st Jun Late"]
[Site "Chess.com INT"]
[Date "2022.06.21"]
[Round "8"]
[White "Prieto Aranguren, Alain"]
[Black "Fiorito, Fabian"]
[Result "1-0"]
[WhiteElo "2272"]
[BlackElo "2370"]
[PlyCount "79"]
[EventDate "2022.06.21"]
[EventType "swiss (blitz)"]
[EventRounds "11"]
[EventCountry "USA"]
[SourceTitle "EXT 2023"]
[Source "ChessBase"]
[SourceDate "2022.10.05"]
[SourceVersion "1"]
[SourceVersionDate "2022.10.05"]
[SourceQuality "1"]

1. d4 Nf6 2. c4 b6 3. Nc3 Bb7 4. Qc2 d5 5. cxd5 Nxd5 6. e4 Nxc3 7. bxc3 e6 8. Nf3 c5 9. Bb5+ Bc6 10. Bd3 Be7 11. 0-0 0-0 12. e5 g6 13. Bh6 Re8 14. Rae1 Nd7 15. Re3 Rc8 16. Qd2 b5 17. Rfe1 Nb6 18. dxc5 Bxc5 19. Nd4 b4 20. Nxc6 bxc3 21. Qxc3 Rxc6 22. Bb5 Nd5 23. Qc1 Nxe3 24. Bxc6 Ng4 25. Qxc5 Qc7 26. Be3 Rc8 27. Rc1 Nxe5 28. Bf3 Qxc5 29. Rxc5 Rb8 30. h3 Nd3 31. Rc7 Rb1+ 32. Kh2 a5 33. Bh6 Rb8 34. h4 Nxf2 35. h5 Nd3 36. hxg6 hxg6 37. Bg5 Ne5 38. Bf6 Nd3 39. Rc4 Nb4 40. Rh4 1-0

[Event "ARG-ch 96th"]
[Site "Buenos Aires"]
[Date "2022.06.12"]
[Round "11"]
[White "Fiorito, Fabian"]
[Black "Peralta, Fernando"]
[Result "0-1"]
[WhiteElo "2370"]
[BlackElo "2600"]
[PlyCount "58"]
[EventDate "2022.06.02"]
[EventType "swiss"]
[EventRounds "11"]
[EventCountry "ARG"]
[SourceTitle "EXT 2023"]
[Source "ChessBase"]
[SourceDate "2022.10.05"]
[SourceVersion "1"]
[SourceVersionDate "2022.10.05"]
[SourceQuality "1"]

1. e4 e6 2. d4 d5 3. Nd2 c5 4. Ngf3 cxd4 5. Nxd4 Nc6 6. Bb5 Bd7 7. Nxc6 bxc6 8. Bd3 Bd6 9. Qe2 Ne7 10. Nf3 Ng6 11. e5 Bc7 12. h4 Qb8 13. Bxg6 hxg6 14. c3 c5 15. Be3 Bb5 16. Qd2 Bxe5 17. Bxc5 Bf4 18. Qd4 f6 19. g3 Bh6 20. Nh2 Qb7 21. f4 e5 22. fxe5 fxe5 23. Qg4 Qc6 24. Ba3 d4 25. Nf3 Be3 26. Rh2 Rh5 27. cxd4 Rf5 28. d5 Qf6 29. Qb4 a6 0-1

[Event "ARG-ch 96th"]
[Site "Buenos Aires"]
[Date "2022.06.11"]
[Round "10"]
[White "Fiorito, Joaquin"]
[Black "Fiorito, Fabian"]
[Result "1/2-1/2"]
[WhiteElo "2272"]
[BlackElo "2370"]
[PlyCount "20"]
[EventDate "2022.06.02"]
[EventType "swiss"]
[EventRounds "11"]
[EventCountry "ARG"]
[SourceTitle "EXT 2023"]
[Source "ChessBase"]
[SourceDate "2022.10.05"]
[SourceVersion "1"]
[SourceVersionDate "2022.10.05"]
[SourceQuality "1"]

1. d4 d5 2. c4 c6 3. Nc3 Nf6 4. cxd5 cxd5 5. Bf4 Nc6 6. e3 a6 7. Bd3 Bg4 8. Nf3 e6 9. 0-0 Bd6 10. Bxd6 Qxd6 1/2-1/2

[Event "ARG-ch 96th"]
[Site "Buenos Aires"]
[Date "2022.06.09"]
[Round "8"]
[White "Aguilar Samper, Valentin"]
[Black "Fiorito, Fabian"]
[Result "0-1"]
[WhiteElo "2169"]
[BlackElo "2370"]
[PlyCount "80"]
[EventDate "2022.06.02"]
[EventType "swiss"]
[EventRounds "11"]
[EventCountry "ARG"]
[SourceTitle "CBM 208 Extra"]
[Source "ChessBase"]
[SourceDate "2022.07.31"]
[SourceVersion "1"]
[SourceVersionDate "2022.07.31"]
[SourceQuality "1"]

1. d4 g6 2. g3 Bg7 3. Bg2 d6 4. e4 c5 5. dxc5 Qa5+ 6. c3 Qxc5 7. Be3 Qc7 8. Ne2 Nf6 9. h3 0-0 10. 0-0 Nbd7 11. Nf4 e5 12. Nd5 Nxd5 13. Qxd5 Nb6 14. Qa5 Be6 15. Rd1 Qc6 16. Bxb6 axb6 17. Qb4 Rfd8 18. Na3 Bf8 19. Qb5 Qxb5 20. Nxb5 Rxa2 21. Rxa2 Bxa2 22. Ra1 Bb3 23. g4 Rc8 24. Ra7 Rc5 25. Na3 Rc7 26. Ra8 Kg7 27. Rb8 Be7 28. Nb5 Rd7 29. Rc8 d5 30. exd5 Bxd5 31. Rc7 Rxc7 32. Nxc7 Bxg2 33. Kxg2 f5 34. Nd5 Bd8 35. c4 Kf7 36. Kf3 Ke6 37. Nc3 e4+ 38. Ke2 Ke5 39. gxf5 gxf5 40. b3 Bg5 0-1

[Event "ARG-ch 96th"]
[Site "Buenos Aires"]
[Date "2022.06.06"]
[Round "5"]
[White "Fiorito, Fabian"]
[Black "Oro, Faustino"]
[Result "1/2-1/2"]
[WhiteElo "2370"]
[BlackElo "2058"]
[PlyCount "75"]
[EventDate "2022.06.02"]
[EventType "swiss"]
[EventRounds "11"]
[EventCountry "ARG"]
[SourceTitle "EXT 2023"]
[Source "ChessBase"]
[SourceDate "2022.10.05"]
[SourceVersion "1"]
[SourceVersionDate "2022.10.05"]
[SourceQuality "1"]

1. Nf3 Nf6 2. c4 e6 3. Nc3 d5 4. d4 Bb4 5. cxd5 exd5 6. Bg5 c6 7. Qc2 0-0 8. e3 h6 9. Bh4 Nbd7 10. Bd3 Re8 11. 0-0 Nf8 12. Ne5 Qd6 13. a3 Ba5 14. Rac1 N6d7 15. Nf3 Ne6 16. b4 Bb6 17. Qb3 Ndf8 18. Bb1 a6 19. h3 Bc7 20. Bg3 Qe7 21. Bxc7 Nxc7 22. Na4 Qf6 23. Ne5 Bf5 24. Nc5 Ra7 25. a4 Ng6 26. Nxg6 Qxg6 27. Bxf5 Qxf5 28. Qd3 Qf6 29. Rc2 Qd6 30. Qb3 f5 31. Nd3 Ne6 32. Ne5 f4 33. Qc3 Raa8 34. Qb3 fxe3 35. fxe3 Rf8 36. Rcf2 Rxf2 37. Rxf2 Rf8 38. Rxf8+ 1/2-1/2

[Event "ARG-ch 96th"]
[Site "Buenos Aires"]
[Date "2022.06.05"]
[Round "4"]
[White "Brizzi, Milagros Tatiana"]
[Black "Fiorito, Fabian"]
[Result "1/2-1/2"]
[WhiteElo "2011"]
[BlackElo "2370"]
[PlyCount "74"]
[EventDate "2022.06.02"]
[EventType "swiss"]
[EventRounds "11"]
[EventCountry "ARG"]
[SourceTitle "CBM 208 Extra"]
[Source "ChessBase"]
[SourceDate "2022.07.31"]
[SourceVersion "1"]
[SourceVersionDate "2022.07.31"]
[SourceQuality "1"]

1. e4 c5 2. Nf3 Nc6 3. d3 g6 4. g3 Bg7 5. Bg2 d6 6. 0-0 e5 7. Nc3 Nge7 8. Nd2 0-0 9. Nc4 Be6 10. a4 Qd7 11. Nd5 f5 12. c3 Kh8 13. Be3 Bg8 14. f4 exf4 15. Bxf4 Ne5 16. Nce3 Nxd5 17. Nxd5 Rae8 18. Qc2 Ng4 19. Rae1 Bxd5 20. exd5 Be5 21. Bc1 Re7 22. Bf3 Ref7 23. Bxg4 fxg4 24. Bh6 Bg7 25. Bxg7+ Kxg7 26. c4 h5 27. a5 Rf3 28. Rxf3 gxf3 29. Re6 Qf7 30. Qc3+ Kg8 31. Kf2 h4 32. gxh4 Qf5 33. Re7 Rf6 34. Re8+ Kh7 35. Qe1 Qf4 36. Re7+ Kg8 37. Re8+ Kh7 1/2-1/2